000 00725nam a2200205Ia 4500
008 191130s2006##################000#0#eng##
020 _a9780230002128
040 _aACL
_cACL
082 _a307.76094 PHE
100 _aPhelps, Nicholas A
245 _aPost-suburban Europe : planning and politics at the margins of Europe’s capital cities
_cNicholas A. Phelps ... [et al.]
260 _aNew York
_b[publisher not identified]
_cC2006
300 _axiii, 233 p. : ill., maps ; 23 cm. ; HBK
500 _aIncludes bibliographical references (p. 214-226) and index
650 _aCity planning --Europe
650 _aSuburbs --Europe
990 _a86479564ac10000c4ca0a942d01c8ed1
991 _a197957
999 _c40642
_d40642